00685 a2200157 45000010006000000050017000060080041000230030015000640400040000790800035001192450056001542640051002103000019002615050228002801000019005085965820260407155850.0260407a1958 arg spa dAR-UNSa-BCEJYS aAR-UNSa-BCEJYSbspacAR-UNSa-BCEJYS a330.34xDesarrollo Económico10aEl desarrollo econoómicopanálisis y política 1aMéxico :bFondo de Cultura Económicac1958 a173 p.c17 cm. a1. Aspectos económicos de un país subdesarrollado - 2. Aspectos extraeconómicos de un país subdesarrollado - 3. Los crecimientos espontáneos - 4. Los crecimientos planificados - 5. Crecimientos cerrados y abiertos1 aBarre, Raymond